Normal view MARC view
  • Martínez de Sousa, José,

Entry Nombre Personal

Number of records used in: 7

001 - NUMERO DE CONTROL

  • campo de control: 29157

003 - IDENTIFICADOR DE NUMERO DE CONTROL

  • campo de control: UPN

005 - FECHA Y HORA DE LA ÜLTIMA TRANSACCIÓN

  • campo de control: 20240306094048.0

008 - DATOS DE LONGITUD FIJA

  • campo de control de longitud fija: 240306n||acannabbn | aaa |d

035 ## - NUMERO DE CONTROL

  • Número de control: UPN11000001263

040 ## - FUENTE DE CATALOGACIÓN

  • Lenguaje de catalogación: spa
  • Agencia de transcripción: MX-MxUPN
  • Agencia original de catalogación: MX-MxUPN

100 1# - ENCABEZAMIENTO - NOMBRE PERSONAL

  • Nombre personal: Martínez de Sousa, José,
  • Fechas asociadas con el nombre: 1933-

370 ## - LUGAR ASOCIADO

  • Place of birth: El Rosal [Pontevedra]

373 ## - GRUPO ASOCIADO

  • Associated group: Asociación Internacional de Bibliología
  • Start period: 1998
  • End period: 2000

373 ## - GRUPO ASOCIADO

  • Associated group: Asociación Española de Bibliología
  • Start period: 2000

374 ## - OCUPACIÓN

  • Occupation: Bibliólogo
  • Occupation: Ortógrafo
  • Occupation: Ortotipógrafo

670 ## - FUENTE EN LA QUE SE LOCALIZARON DATOS

  • Cita de la fuente: T
  • Información localizada: Wikipedia

670 ## - FUENTE EN LA QUE SE LOCALIZARON DATOS

  • Cita de la fuente: Ortografía y ortotipografía del español actual, 2004:
  • Información localizada: solapa principal ((El Rosal [Pontevedra], 1933). José Martínez de Sousa ha sido presidente de la Asociación Internacional de Bibliología (AIB) (1998-2000) y de la Asociación Española de Bibliología (AEB)) cubierta posterior (ortográfo, ortotipógrafo y bibliológo)

680 ## - NOTA PUBLICA DE ACCESO PÚBLICO

  • Frase explicativa de la referencia: Lexicógrafo, bibliólogo, ortógrafo, ortotipógrafo y técnico editorial español

902 ## - CATALOGADOR

  • Catalogador: DAA/030408
  • Catalogador: MaríaRobles/060324